000 00709nam a2200205 a 4500
001 000022839
005 20200930021828.0
008 101119s1970 ||| r 000 0 spa d
040 _aDO-SdBNP
_bspa
_cBNPHU
082 _aNNNN
_bR666u
100 1 _aRobleto, Adolfo
_946938
245 1 0 _aUn vistazo a la doctrina romana :
_binterpretación a la luz del segundo Concilio Vaticano /
_cAdolfo Robleto.
260 _as.l. :
_bCasa Bautista de Publicaciones,
_c1970.
300 _a127 p. ;
_c19 cm.
490 1 _aObras afines
_v05319
504 _aIncluye referencias bibliográficas y notas al pie de las páginas.
651 4 _aRoma
_xReligión
_946939
830 0 _aObras afines ;
_v05319
_946940
049 _aBNGR
999 _c22336
_d22336